000 00435 a2200157 4500
003 OSt
005 20231018114830.0
008 231007b |||||||| |||| 00| 0 eng d
020 _a9789354357206
040 _coclc
082 _a823
_bHAS/H
100 1 _aHasan, Anjum
_99693
245 _aHISTORY'S ANGEL /
_cAnjum Hasan
260 _aNew Delhi:
_bBloomsbury,
_c2023.
942 _2ddc
_cBK
_h823
_iHAS/H
_k823
_mHAS/H
999 _c42569
_d42569